000 00579nam a2200181Ia 4500
008 100920s9999 xx 000 0 und d
082 _b28780
_a891.463.1 थ 71
100 _aहसमनीस द. का.
245 _aदुसरी दिशा.
260 _bनव महाराष्ट्र प्रकाशन , पुणे.
_c1971
300 _a131
_bसाधी
365 _b4
520 _aलघुकथा.
630 _aदुसरी दिशा.
650 _aलघुकथा.
730 _aदुसरी दिशा.
942 _cBOOK
999 _c684919
_d684916